000 00738nam a2200229Ia 4500
003 OSt
005 20220927105231.0
006 a|||||r|||| 00| 0
007 ta
008 220926b |||||||| |||| 00| 0 eng d
024 _a188142
037 _cReference Collections
040 _aRTL
_cRTL
_beng
041 _2eng
_aeng
082 _a"X9(J388):2.2.N8, M4/SC"
100 _aSrivastava H.C. and others Eds.
_9371203
245 0 _aPulse production
_b Constraints and opportunities.
260 _aNew
_bDelhi Oxford & IBH Publishing Co.
_c1984
300 _a"xix,493p."
_ccm.
942 _h"X9(J388):2.2.N8, M4/SC"
_cCC
999 _c691428
_d691428